MARC details
| 000 -LEADER |
| fixed length control field |
01838cam a22003615a 4500 |
| 001 - CONTROL NUMBER |
| control field |
17430552 |
| 005 - DATE AND TIME OF LATEST TRANSACTION |
| control field |
20161225135408.0 |
| 008 - FIXED-LENGTH DATA ELEMENTS--GENERAL INFORMATION |
| fixed length control field |
120813t2013 ilua frb 001 0 eng d |
| 020 ## - INTERNATIONAL STANDARD BOOK NUMBER |
| International Standard Book Number |
9780867155730 |
| 040 ## - CATALOGING SOURCE |
| Original cataloging agency |
DNLM/DLC |
| Transcribing agency |
DLC |
| Modifying agency |
DLC |
| -- |
EG-ScBUE |
| Language of cataloging |
eng |
| 041 1# - LANGUAGE CODE |
| Language code of text/sound track or separate title |
eng |
| Language code of original and/or intermediate translations of text |
ita |
| 082 04 - DEWEY DECIMAL CLASSIFICATION NUMBER |
| Classification number |
617.693 |
| Edition number |
22 |
| Item number |
TER |
| 100 1# - MAIN ENTRY--PERSONAL NAME |
| Personal name |
Terry, Douglas A. |
| 245 10 - TITLE STATEMENT |
| Title |
Esthetic & restorative dentistry : |
| Remainder of title |
material selection & technique / |
| Statement of responsibility, etc |
Douglas A. Terry, Willi Geller. |
| 246 3# - VARYING FORM OF TITLE |
| Title proper/short title |
Esthetic and restorative dentistry |
| 250 ## - EDITION STATEMENT |
| Edition statement |
2nd ed. |
| 260 ## - PUBLICATION, DISTRIBUTION, ETC. (IMPRINT) |
| Place of publication, distribution, etc |
Hanover Park : |
| Name of publisher, distributor, etc |
Quintessence Pub. Co, |
| Date of publication, distribution, etc |
c.2013. |
| 300 ## - PHYSICAL DESCRIPTION |
| Extent |
xxv, 725 p. : |
| Other physical details |
ill. ; |
| Dimensions |
31 cm. |
| 500 ## - GENERAL NOTE |
| General note |
Rev. ed. of: Aesthetic & restorative dentistry / Douglas A. Terry, Karl F. Leinfelder, Willi Geller. 1st ed. Stillwater, Minn. : Everest Pub. Media, c2009. |
| 504 ## - BIBLIOGRAPHY, ETC. NOTE |
| Bibliography, etc |
Includes bibliographical references and index. |
| 505 0# - FORMATTED CONTENTS NOTE |
| Formatted contents note |
Diagnostic and communication concepts -- Principles of tooth preparation -- Composite resins -- Ceramic materials -- The impression process -- Contemporary adhesive cements -- Provisionalization -- Esthetic post systems -- Mechanisms of adhesion -- Finishing and polishing esthetic restorative materials -- Dental photography -- Periodontal plastic surgery -- Interdisciplinary implantology -- Biomodification of tooth discoloration. |
| 546 ## - LANGUAGE NOTE |
| Language note |
Text in English ; translated from original Italian.<br/> |
| 650 #7 - SUBJECT ADDED ENTRY--TOPICAL TERM |
| Topical term or geographic name as entry element |
Esthetics, Dental |
| Form subdivision |
Atlases. |
| Source of heading or term |
BUEsh |
| 650 #7 - SUBJECT ADDED ENTRY--TOPICAL TERM |
| Topical term or geographic name as entry element |
Dental Implantation |
| Form subdivision |
Atlases. |
| Source of heading or term |
BUEsh |
| 650 #7 - SUBJECT ADDED ENTRY--TOPICAL TERM |
| Topical term or geographic name as entry element |
Dental Materials |
| Form subdivision |
Atlases. |
| Source of heading or term |
BUEsh |
| 650 #7 - SUBJECT ADDED ENTRY--TOPICAL TERM |
| Topical term or geographic name as entry element |
Dental Restoration, Permanent |
| Form subdivision |
Atlases. |
| Source of heading or term |
BUEsh |
| 650 #7 - SUBJECT ADDED ENTRY--TOPICAL TERM |
| Topical term or geographic name as entry element |
Dentistry, Operative |
| Form subdivision |
Atlases. |
| Source of heading or term |
BUEsh |
| 651 ## - SUBJECT ADDED ENTRY--GEOGRAPHIC NAME |
| Source of heading or term |
BUEsh |
| 653 ## - INDEX TERM--UNCONTROLLED |
| Resource For college |
|
| Arrived date list |
December2016 |
| 700 1# - ADDED ENTRY--PERSONAL NAME |
| Personal name |
Geller, Willi. |
| 700 1# - ADDED ENTRY--PERSONAL NAME |
| Personal name |
Terry, Douglas A. |
| Title of a work |
Aesthetic & restorative dentistry. |
| 942 ## - ADDED ENTRY ELEMENTS (KOHA) |
| Source of classification or shelving scheme |
Dewey Decimal Classification |